00572nam a2200181Ia 4500003000900000008004100009020001800050040001600068080001900084100002200103245009600125260004700221300001700268650004100285650003000326650001500356700001900371IN-BaIIA211028s9999 xx 000 0 eng d a0-226-97956-3 cIIA Library a524.834bZEL-1 aZeldovich, Ya. B. 0aRelativistic astrophysicsbvol. 1, stars and relativitycYa. B. Zeldovich and I.D. Novikov. aChicagobUniversity of Chicago Pressc1971 axviii, 522p. aAstronomy and astrophysics thesaurus aRelativistic astrophysics aRelativity aNovikov, I. D.